Statistics for Drinks

Click here to take the quiz!

General Stats

  • This quiz has been taken 25 times
  • The average score is 11 of 12

Answer Stats

Answer% Correct
Beer
100%
Cocacola
100%
Dr Pepper
100%
Fanta
100%
Orange juice
100%
Pepsi
100%
Red bull
100%
Wine
100%
Lemonade
87%
Gin
78%
Whiskey
65%
Tequila
43%

Score Distribution

Percentile by Number Answered

Percent of People with Each Score

Your Score History

You have not taken this quiz